000 00504nam a2200181 a 4500
001 3838
003 CO-ViMGA
008 141112s2004 ck r 000 u spa d
040 _aCO-ViMGA
_bspa
_cCO-ViMGA
082 0 4 _a688.79 H187
100 1 _aHaure, Michel Van
_953987
245 1 0 _aGuía de pesca en agua dulce :
_bespecies, utensilios, metodos y tecnicas
260 _aBarcelona :
_bHispano Europea,
_c1986
300 _a256 p : il
490 _aHerakles
650 1 4 _aPESCA
_953988
942 _2ddc
_cBK
999 _c15856
_d15856